Etika v reklame bakalárska práca

Gespeichert in:
Bibliographische Detailangaben
1. Verfasser: Zvaríková, Zuzana
Körperschaft: Obchodná fakulta EU. Katedra marketingu
Weitere Verfasser: Hovančáková, Dominika, 1985-
Format: Buch
Sprache:Slowakisch
Veröffentlicht: Bratislava 2012
Tags: Tag hinzufügen
Keine Tags, Fügen Sie das erste Tag hinzu!

MARC

LEADER 00000nbm a2200000 4500
001 0154485
005 20161109111847.8
041 0 |a slo 
044 |a SK 
245 1 0 |a Etika v reklame  |b bakalárska práca  |c Zuzana Zvaríková ; školiteľ: Dominika Hovančáková 
264 1 |a Bratislava  |c 2012 
300 |a 58 s. 
100 1 |a Zvaríková, Zuzana 
700 1 |a Hovančáková, Dominika, 1985- 
710 2 |a Obchodná fakulta EU. Katedra marketingu